Hellboy Trivia - Statistics

General Stats
  • This quiz has been taken 81 times
    19 since last reset
  • The average score is 10 of 20
Answer Stats
Hint Answer % Correct
Legendary sword that Hellboy pulled from the stone Excalibur
88%
Part of Hellboy's body made of stone His right hand
88%
Russian Mad Monk who brought Hellboy to Earth Grigori Rasputin
82%
Aquatic partner named after an American president Abraham "Abe" Sapien
76%
Hellboy shot this slavic witch in the eye Baba Yaga
65%
Actors who played Hellboy Ron Perlman
65%
Woman with prokinetic powers, friend of Hellboy Elizabeth Sherman
53%
Organization they work(ed) for B.P.R.D.
47%
Actors who played Hellboy David Harbour
47%
Hellboy's true name Anung Un Rama
41%
Company that publishes the adventures of Hellboy Dark Horse Comics
41%
Greek Goddess of Magic and of the Witches Hecate
41%
Homunculus ally Roger
35%
Hellboy's adoptive father Trevor Bruttenholm
35%
German ectoplasmic medium Johann Kraus
29%
Creator of the Hellboy character and franchise Mike Mignola
29%
Dangerous British witch who dragged Hellboy to Hell Nimue
29%
Part of Hellboy's body that she tore off His heart
24%
Former U.S. Marine now Werejaguar Benjamin Daimio
18%
Mighty antagonists imprisoned in their Golden Cocoons Ogdru Jahad
18%
No matching quizzes found
Score Distribution
Percent of People with Each Score
Percentile by Number Answered
Your Score History
You have not taken this quiz since the last reset